Rich in oil (Record no. 83950)

MARC details
000 -LEADER
fixed length control field 00693cab a22001935a 4500
001 - CONTROL NUMBER
control field L156105
008 - FIXED-LENGTH DATA ELEMENTS--GENERAL INFORMATION
fixed length control field 120430e20120425xxk f 000 0 eng d
035 ## - SYSTEM CONTROL NUMBER
System control number (Sirsi) u156105
041 0# - LANGUAGE CODE
Language code of text/sound track or separate title eng
100 1# - MAIN ENTRY--PERSONAL NAME
Personal name Wright, Emily
245 00 - TITLE STATEMENT
Title Rich in oil
260 ## - PUBLICATION, DISTRIBUTION, ETC.
Date of publication, distribution, etc. 2012
490 #0 - SERIES STATEMENT
Series statement Building
Volume/sequential designation 277(8725) 27 April 2012, 34-39(6)
520 ## - SUMMARY, ETC.
Summary, etc. Report of the results of Hays 2012 International Salary Guide; commentary, moving abroad, top salary spots, tables of typical salaries in 12 countries for 6 job titles with 10 years industry experience and 5-10 years industry experience, methodology.
590 ## - LOCAL NOTE (RLIN)
Local note KA
651 #4 - SUBJECT ADDED ENTRY--GEOGRAPHIC NAME
Geographic name International
690 ## - LOCAL SUBJECT ADDED ENTRY--TOPICAL TERM (OCLC, RLIN)
Topical term or geographic name as entry element Business and management
942 ## - ADDED ENTRY ELEMENTS (KOHA)
Suppress in OPAC 0
Holdings
Withdrawn status Lost status Source of classification or shelving scheme Damaged status Not for loan Home library Current library Shelving location Date acquired Total Checkouts Full call number Barcode Date last seen Copy number Price effective from Koha item type
    Dewey Decimal Classification     London London Journal article 30/04/2012   L156105 156105-1001 06/08/2019 1 06/08/2019 Journal article